Jeux olympiques d'hiver Grenoble 1968 - Tableau des médailles - Statistiques

Statistiques générales
  • Ce quiz a été pris 270 fois
  • Le résultat moyen est 13 sur 15
Statistiques - réponses
Total Pays % Correct
4 3 2 9 France
99%
2 2 3 7 Allemagne de l'Ouest
98%
1 5 1 7 États-Unis
98%
6 6 2 14 Norvège
97%
3 2 3 8 Suède
97%
1 2 2 5 Finlande
94%
1 1 1 3 Canada
91%
4 0 0 4 Italie
91%
0 2 4 6 Suisse
91%
5 5 3 13 Union soviétique
90%
3 4 4 11 Autriche
88%
3 3 3 9 Pays-Bas
78%
1 2 1 4 Tchécoslovaquie
65%
1 2 2 5 Allemagne de l'Est
58%
0 0 1 1 Roumanie
48%
Aucun quiz correspondant
Distribution des résultats
% des personnes avec chaque résultat
Percentile par nombre de réponses
Votre historique - résultats
Vous n’avez pas pris ce quiz